La Promoción de la lectura/ Richard Bamberger ; pról. de Luis García Ejarque. (Record no. 132092)

MARC details
000 -CABECERA
campo de control de longitud fija 00713nam a2200217 a 4500
005 - FECHA Y HORA DE LA ÚLTIMA TRANSACCIÓN
campo de control 20210219160151.0
008 - ELEMENTOS DE LONGITUD FIJA--INFORMACIÓN GENERAL
campo de control de longitud fija 080922s2000 mx r 000 0 spa d
020 ## - NÚMERO INTERNACIONAL NORMALIZADO PARA LIBROS
Número Internacional Estándar del Libro 8473530306.
035 ## - NÚMERO DE CONTROL DEL SISTEMA
Número de control de sistema UPN01000159978
049 ## - COLECCIÓN
Colección UNE
080 ## - NÚMERO DE CLASIFICACIÓN DECIMAL UNIVERSAL
Número de la Clasificación Decimal Universal 028.1 BAM No.6.
100 1# - ASIENTO PRINCIPAL--NOMBRE PERSONAL
Nombre de persona Bamberger, Richard.
245 13 - MENCIÓN DE TÍTULO
Título La Promoción de la lectura/ Richard Bamberger ; pról. de Luis García Ejarque.
260 ## - PUBLICACIÓN, DISTRIBUCIÓN, ETC.
Lugar de publicación, distribución, etc. Barcelona : Promoción cultural, S.A., 1975.
300 ## - DESCRIPCIÓN FÍSICA
Extensión 127 p. ;
440 #0 - MENCIÓN DE SERIE/ASIENTO SECUNDARIO--TÍTULO
Título Colección triángulo ; 6
690 ## - PUNTO DE ACCESO ADICIONAL DE MATERIA LOCAL--TÉRMINO DE MATERIA (OCLC, RLIN)
Término de materia o nombre geográfico como elemento inicial Lectura- Habito de la lectura- Promocion de la lectura
690 ## - PUNTO DE ACCESO ADICIONAL DE MATERIA LOCAL--TÉRMINO DE MATERIA (OCLC, RLIN)
Término de materia o nombre geográfico como elemento inicial Promocion de la lectura- Habito de la lectura
700 1# - ASIENTO SECUNDARIO--NOMBRE DE PERSONAL
Nombre de persona García Ejarque, Luis, pról.
905 ## - TIPO DE MATERIAL
Tipo de material UNESCO

No items available.